000 00462nam a2200217Ia 4500
001 083736
003 YMCAF
005 20230512161422.0
008 100717s2002 ||||||||||||||||| ||und|d
024 _a83736
035 _a23196
040 _aYMCAF
_beng
_cIN-KoLT
041 _aeng
082 _a005.73
_bTRE
100 _aTremblay
245 0 _aIntroduction to data structure
250 _a2nd
260 _bTMH
_c2002
300 _a861
942 _2ddc
_cBK
999 _c8448
_d8448